000 00738 a2200217 4500
005 20080905120541.0
008 080905t xxu||||| |||| 00| p eng d
010 _aENG-87571
020 _a8181574184
_c80.00
035 _aEN-71104
037 _bDBAD / PUB
082 _a881
100 _aKinshuk, Rudra
245 _aFootprints on the sands
_cby Rudra Kinshuk
260 _aCalcutta
_bWriters Workshop
_c2005
270 _a162/92, Lake Gardens,
_bCalcutta
_e700 045
300 _a36p.
_c22 cm (Hb)
490 _aWriters workshop redbird book
942 _adpl
_cEN
_k881 / KIN
_2ddc
_h881
_mKIN
999 _c6674
_d6674